Studium využití amoniakálních komplexů mědi a zinku v ochraně drěva

Bibliographic Details
Main Author: Novotný, V. (Author)
Format: Article
Language:Czech
PhysicalDescription:Res. čes., nem.
Subjects:

MARC

LEADER 00000nab a2200000 a 4500
001 vtls000393077
003 SK-MaSNL
005 20260303201706.0
008 111202c1990 xo 0 cze
015 |a SNBRA19rr/mm-uuuuu 
035 |a CL0393201 
040 |a SNKBUCL  |b slo  |c SNKBUCL  |e AACR2 
041 0 |a cze 
044 |a xo  |c SK 
080 |a 674.048:546  |2 1981 
080 |a 546  |2 1981 
100 1 |a Novotný, V.  |4 aut  |9 350415 
245 1 0 |a Studium využití amoniakálních komplexů mědi a zinku v ochraně drěva  |c V. Novotný 
300 |b Res. čes., nem. 
650 0 7 |a drevo  |2 snkbucl  |9 3560 
650 0 7 |a ochrana dreva  |2 snkbucl  |9 27986 
650 0 7 |a látky impregnačné vodorozpustné  |2 snkbucl  |9 1232782 
655 7 |a články zo zborníkov  |2 snkbucl  |9 166140 
773 0 |t Ochrana dreva  |d Bratislava : Dom techniky, 1990  |g S. 16-18 
850 |a Slovenská národná knižnica v Martine  |a MTA001 
852 |a SNK  |b KIS3GCP 
958 |a RK 
992 |a RZB 
999 |c 2175463  |d 2177393